Big and little (Record no. 17717)

MARC details
000 -LÍDER
campo de controle de tamanho fixo 00293 a2200133 4500
001 - NÚMERO DE CONTROLE
campo de controle 17717
020 ## - ISBN - INTERNATIONAL STANDARD BOOK NUMBER
ISBN - International Standard Book Number 9781409301783
040 ## - FONTE DA CATALOGAÇÃO
Instituição que transcreveu o registro Anchieta - Bela Vista
240 10 - TÍTULO UNIFORME
Título uniforme Big and little
Idioma da obra eng
245 10 - TÍTULO
Título Big and little
300 ## - DESCRIÇÃO FÍSICA
Extensão 27
650 #4 - ASSUNTO--TERMO TÓPICO
Cabeçalho tópico ou nome geográfico Literatura infantil em inglês
942 ## - ELEMENTOS DE ENTRADA ADICIONADOS (KOHA)
Tipo de material Koha Livros
Holdings
Situação do descarte Situação das perdas Situação física Não pode ser emprestado Biblioteca de origem Biblioteca atual Data de aquisição Total de empréstimos Número de chamada completo Código de barras Data de último acesso Data do último empréstimo Data do preço efetivo Tipo de material Koha
        Colégio São Paulo Colégio São Paulo 21/11/2023   LI 028.573 CLA BIG 1020/ITA 21/11/2023   21/11/2023 Livros
        Colégio São Paulo Colégio São Paulo 21/11/2023   LI 028.573 BIG 5307/ITA 21/11/2023   21/11/2023 Livros
        Colégio Anchieta - Bela Vista Inspira 21/11/2023 1 LI 028.573 B592 BIG 3660/BEL 21/11/2023 21/11/2023 21/11/2023 Livros